US States: Upside Down - Statistics

General Stats
  • This quiz has been taken 37 times
  • The average score is 45 of 50
Answers on the Map
Answers color-coded by a green-red scale on the quiz's map according to % correct below.
 
Answer Stats
State % Correct
New York
100%
Florida
97%
Texas
97%
Alaska
94%
California
94%
Georgia
94%
Indiana
94%
New Jersey
94%
New Mexico
94%
North Carolina
94%
Ohio
94%
Rhode Island
94%
South Carolina
94%
South Dakota
94%
Alabama
91%
Arkansas
91%
Colorado
91%
Delaware
91%
Hawaii
91%
Illinois
91%
Kansas
91%
Maine
91%
Maryland
91%
Michigan
91%
Mississippi
91%
Nevada
91%
New Hampshire
91%
North Dakota
91%
Pennsylvania
91%
Tennessee
91%
Vermont
91%
Virginia
91%
Washington
91%
West Virginia
91%
Arizona
88%
Iowa
88%
Massachusetts
88%
Minnesota
88%
Nebraska
88%
Oklahoma
88%
Utah
88%
Wyoming
88%
Connecticut
84%
Idaho
84%
Louisiana
84%
Missouri
84%
Montana
84%
Oregon
84%
Kentucky
81%
Wisconsin
81%
No matching quizzes found
Score Distribution
Percent of People with Each Score
Percentile by Number Answered
Your Score History
You have not taken this quiz